ბათუმის შოთა რუსთაველის სახელმწიფო უნივერსიტეტის ბიბლიოთეკა

Кавказоведческие исследования / (ბიბ.ჩანაწერი № 60968)

000 -LEADER
fixed length control field 01167nam a22002177a 4500
005 - DATE AND TIME OF LATEST TRANSACTION
control field 20231130153002.0
008 - FIXED-LENGTH DATA ELEMENTS--GENERAL INFORMATION
fixed length control field 231130s2011 ru ||||| |||| 00| 0 rus d
020 ## - INTERNATIONAL STANDARD BOOK NUMBER
International Standard Book Number 9789941173509
041 ## - LANGUAGE CODE
Language code of text/sound track or separate title rus
080 ## - UNIVERSAL DECIMAL CLASSIFICATION NUMBER
Universal Decimal Classification number 908(479) +39(479) Т-59
100 ## - MAIN ENTRY--PERSONAL NAME
Personal name Топчишвили, Роланд
9 (RLIN) 20528
245 ## - TITLE STATEMENT
Title Кавказоведческие исследования /
Statement of responsibility, etc. Роланд Топчишвили; Ред. Зураб Папаскири, Георгий Жужунашвили;ТГУ им. И. Джавахишвили, Фак. гуманит. наук.
264 ## - PRODUCTION, PUBLICATION, DISTRIBUTION, MANUFACTURE, AND COPYRIGHT NOTICE
Place of production, publication, distribution, manufacture Тбилиси :
Name of producer, publisher, distributor, manufacturer Универсал,
Date of production, publication, distribution, manufacture, or copyright notice 2011.
300 ## - PHYSICAL DESCRIPTION
Extent 272 с. ;
Other physical details 21 см.
653 ## - INDEX TERM--UNCONTROLLED
keyword კავკასიათმცოდნეობა
653 ## - INDEX TERM--UNCONTROLLED
keyword ეთნოლოგია
700 ## - ADDED ENTRY--PERSONAL NAME
Personal name Папаскири, Зураб
Relator term რედაქტორი
9 (RLIN) 20529
700 ## - ADDED ENTRY--PERSONAL NAME
Personal name Жужунашвили, Георгий
Relator term რედაქტორი
9 (RLIN) 20530
710 ## - ADDED ENTRY--CORPORATE NAME
Corporate name or jurisdiction name as entry element Тбилисский государственный университет им. И. Джавахишвили.
Date of meeting or treaty signing Факультет гуманитарных наук.
9 (RLIN) 20531
942 ## - ADDED ENTRY ELEMENTS (KOHA)
Source of classification or shelving scheme
Koha item type წიგნი
ეგზემპლარები
Withdrawn status Lost status Source of classification or shelving scheme Damaged status Not for loan Permanent Location Current Location Shelving location Date acquired Cost, normal purchase price Full call number Barcode Date last seen Copy number Uniform Resource Identifier Price effective from Koha item type Public note
          ბათუმის შოთა რუსთაველის სახელმწიფო უნივერსიტეტის მთავარი ბიბლიოთეკა ბათუმის შოთა რუსთაველის სახელმწიფო უნივერსიტეტის მთავარი ბიბლიოთეკა წიგნსაცავი 2023-11-30 8.00 908(479) +39(479) Т-59 65483 2023-11-30 65483 ბსუ-ს საპატიო დოქტორის გურამ ლორთქიფანიძის საჩუქარი 2023-11-30 წიგნი 8 ლ.